000 00930nam a2200265 a 4500
001 000024917
003 DO-SdBNP
005 20250924073802.0
007 ta
008 110208s2003 dr ac 000 0 spa d
040 _aDO-SdBNP
_bspa
_cBNPHU
082 _axxx
_bE77i
_222
100 1 _aEspinal, Fulgencio
_98374
245 1 0 _aImágenes de José Francisco /
_cFulgencio Espinal ; prólogo Ivelisse Prats Ramírez.
260 _aSanto Domingo :
_bUniversidad Autónoma de Santo Domingo,
_c2003.
300 _a202 p. :
_bil., retr. ;
_c22 cm.
490 1 _aPublicaciones de la Universidad Autónoma de Santo Domingo
_vv. 609
490 1 _aHistoria y Sociedad
_vno. 101
590 _aInventariado, 2023/DG
700 1 _aPrats Ramírez, Ivelisse
_937407
830 _aPublicaciones de la Universidad Autónoma de Santo Domingo
_vv. 609
_952
830 0 _aHistoria y Sociedad
_nno. 101
_951158
910 _aDG
942 _2ddc
_cLBS1
999 _c24410
_d24410